| Tag |
First Indicator |
Second Indicator |
Subfields |
| LEADER |
00000cas a2200000 4500 |
| 001 |
in00000068182 |
| 005 |
20151008051345.0 |
| 008 |
750817c19299999pauqx1p 0uuua0eng d |
| 010 |
|
|
|a 39000041
|
| 012 |
|
|
|a 3
|b 1
|k 1
|m 1
|
| 022 |
|
|
|a 0008-820X
|
| 035 |
|
|
|a (OCoLC)01553562
|
| 035 |
|
|
|9 AAG7381AM
|
| 040 |
|
|
|a MUL
|c MUL
|d BTI
|d NSD
|d DLC
|d NSD
|d DLC
|d TXA
|d UtOrBLW
|
| 042 |
|
|
|a nsdp
|a lc
|
| 049 |
|
|
|a TXAE
|
| 050 |
0 |
0 |
|a Z671
|b .C3
|
| 082 |
0 |
|
|a 020/.5
|
| 222 |
|
0 |
|a Catholic library world
|
| 245 |
0 |
4 |
|a The Catholic library world.
|
| 264 |
|
1 |
|a Haverford, Penna. [etc.] :
|b Catholic Library Association.
|
| 300 |
|
|
|a volumes :
|b illustrations
|a irreg.
|
| 336 |
|
|
|a text
|b txt
|2 rdacontent
|
| 337 |
|
|
|a unmediated
|b n
|2 rdamedia
|
| 338 |
|
|
|a volume
|b nc
|2 rdacarrier
|
| 362 |
0 |
|
|a v. 1- Nov./Dec. 1929-
|
| 650 |
|
0 |
|a Library science
|v Periodicals.
|
| 710 |
2 |
|
|a Catholic Library Association.
|
| 780 |
0 |
5 |
|t CLA booklist
|g 1971
|
| 999 |
|
|
|a MARS
|
| 999 |
f |
f |
|s bee9d183-1885-39d3-9f14-2d1200e7ea5e
|i 26e9cd11-8fc0-3205-a285-fbcebcdd2d82
|t 0
|
| 952 |
f |
f |
|a Texas A&M University
|b Rellis Campus
|c Joint Library Facility
|d Remote Storage
|e Z671 .C3
|h Library of Congress classification
|i unmediated -- volume
|k v.66
|l 1995/1996
|m A14821623268
|p ric
|s JLF
|t 0
|
| 952 |
f |
f |
|a Texas A&M University
|b Rellis Campus
|c Joint Library Facility
|d Remote Storage
|e Z671 .C3
|h Library of Congress classification
|i unmediated -- volume
|k v.90
|l 2019/2020
|m A14851472770
|p ric
|s JLF
|t 0
|
| 952 |
f |
f |
|a Texas A&M University
|b Rellis Campus
|c Joint Library Facility
|d Remote Storage
|e Z671 .C3
|h Library of Congress classification
|i unmediated -- volume
|k v.49
|l 1977/78
|m A14842492507
|p ric
|s JLF
|t 0
|
| 952 |
f |
f |
|a Texas A&M University
|b Rellis Campus
|c Joint Library Facility
|d Remote Storage
|e Z671 .C3
|h Library of Congress classification
|i unmediated -- volume
|k v.74
|l 2003/2004
|m A14831508868
|p ric
|s JLF
|t 0
|
| 952 |
f |
f |
|a Texas A&M University
|b Rellis Campus
|c Joint Library Facility
|d Remote Storage
|e Z671 .C3
|h Library of Congress classification
|i unmediated -- volume
|k v.80
|l 2009/2010
|m A14843532616
|p ric
|s JLF
|t 0
|
| 952 |
f |
f |
|a Texas A&M University
|b Rellis Campus
|c Joint Library Facility
|d Remote Storage
|e Z671 .C3
|h Library of Congress classification
|i unmediated -- volume
|k v.57
|l 1983/84
|m A14842492572
|p ric
|s JLF
|t 0
|
| 952 |
f |
f |
|a Texas A&M University
|b Rellis Campus
|c Joint Library Facility
|d Remote Storage
|e Z671 .C3
|h Library of Congress classification
|i unmediated -- volume
|k v.72
|l 2001/2002
|m A14829662630
|p ric
|s JLF
|t 0
|
| 952 |
f |
f |
|a Texas A&M University
|b Rellis Campus
|c Joint Library Facility
|d Remote Storage
|e Z671 .C3
|h Library of Congress classification
|i unmediated -- volume
|k v.64
|l 1993/1994
|m A14819299540
|p ric
|s JLF
|t 0
|
| 952 |
f |
f |
|a Texas A&M University
|b Rellis Campus
|c Joint Library Facility
|d Remote Storage
|e Z671 .C3
|h Library of Congress classification
|i unmediated -- volume
|k v.71
|l 2000/2001
|m A14829662591
|p ric
|s JLF
|t 0
|
| 952 |
f |
f |
|a Texas A&M University
|b Rellis Campus
|c Joint Library Facility
|d Remote Storage
|e Z671 .C3
|h Library of Congress classification
|i unmediated -- volume
|k v.55
|l 1983/84
|m A14842492564
|p ric
|s JLF
|t 0
|
| 952 |
f |
f |
|a Texas A&M University
|b Rellis Campus
|c Joint Library Facility
|d Remote Storage
|e Z671 .C3
|h Library of Congress classification
|i unmediated -- volume
|k v.68
|l 1997/1998
|m A14825983725
|p ric
|s JLF
|t 0
|
| 952 |
f |
f |
|a Texas A&M University
|b Rellis Campus
|c Joint Library Facility
|d Remote Storage
|e Z671 .C3
|h Library of Congress classification
|i unmediated -- volume
|k v.43
|l 1971/72
|m A14842492440
|p ric
|s JLF
|t 0
|
| 952 |
f |
f |
|a Texas A&M University
|b Rellis Campus
|c Joint Library Facility
|d Remote Storage
|e Z671 .C3
|h Library of Congress classification
|i unmediated -- volume
|k v.92
|l 2021-2022
|m A14850362345
|p ric
|s JLF
|t 0
|
| 952 |
f |
f |
|a Texas A&M University
|b Rellis Campus
|c Joint Library Facility
|d Remote Storage
|e Z671 .C3
|h Library of Congress classification
|i unmediated -- volume
|k v.93
|l 2022/2023
|m A14852194779
|p ric
|s JLF
|t 0
|
| 952 |
f |
f |
|a Texas A&M University
|b Rellis Campus
|c Joint Library Facility
|d Remote Storage
|e Z671 .C3
|h Library of Congress classification
|i unmediated -- volume
|k v.87
|l 2016/2017
|m A14850358152
|p ric
|s JLF
|t 0
|
| 952 |
f |
f |
|a Texas A&M University
|b Rellis Campus
|c Joint Library Facility
|d Remote Storage
|e Z671 .C3
|h Library of Congress classification
|i unmediated -- volume
|k v.51
|l 1979/80
|m A14842492523
|p ric
|s JLF
|t 0
|
| 952 |
f |
f |
|a Texas A&M University
|b Rellis Campus
|c Joint Library Facility
|d Remote Storage
|e Z671 .C3
|h Library of Congress classification
|i unmediated -- volume
|k v.65
|l 1994/1995
|m A14821623276
|p ric
|s JLF
|t 0
|
| 952 |
f |
f |
|a Texas A&M University
|b Rellis Campus
|c Joint Library Facility
|d Remote Storage
|e Z671 .C3
|h Library of Congress classification
|i unmediated -- volume
|k v.84
|l 2013/2014
|m A14843532574
|p ric
|s JLF
|t 0
|
| 952 |
f |
f |
|a Texas A&M University
|b Rellis Campus
|c Joint Library Facility
|d Remote Storage
|e Z671 .C3
|h Library of Congress classification
|i unmediated -- volume
|k v.89
|l 2018/2019
|m A14850926420
|p ric
|s JLF
|t 0
|
| 952 |
f |
f |
|a Texas A&M University
|b Rellis Campus
|c Joint Library Facility
|d Remote Storage
|e Z671 .C3
|h Library of Congress classification
|i unmediated -- volume
|k v.77
|l 2006/2007
|m A14837129345
|p ric
|s JLF
|t 0
|
| 952 |
f |
f |
|a Texas A&M University
|b Rellis Campus
|c Joint Library Facility
|d Remote Storage
|e Z671 .C3
|h Library of Congress classification
|i unmediated -- volume
|k v.63
|l 1991/1992
|m A14819173621
|p ric
|s JLF
|t 0
|
| 952 |
f |
f |
|a Texas A&M University
|b Rellis Campus
|c Joint Library Facility
|d Remote Storage
|e Z671 .C3
|h Library of Congress classification
|i unmediated -- volume
|k v.75
|l 2004/2005
|m A14834465970
|p ric
|s JLF
|t 0
|
| 952 |
f |
f |
|a Texas A&M University
|b Rellis Campus
|c Joint Library Facility
|d Remote Storage
|e Z671 .C3
|h Library of Congress classification
|i unmediated -- volume
|k v.62
|l 1990/1991
|m A14816082245
|p ric
|s JLF
|t 0
|
| 952 |
f |
f |
|a Texas A&M University
|b Rellis Campus
|c Joint Library Facility
|d Remote Storage
|e Z671 .C3
|h Library of Congress classification
|i unmediated -- volume
|k v.78
|l 2007/2008
|m A14838813230
|p ric
|s JLF
|t 0
|
| 952 |
f |
f |
|a Texas A&M University
|b Rellis Campus
|c Joint Library Facility
|d Remote Storage
|e Z671 .C3
|h Library of Congress classification
|i unmediated -- volume
|k v.60
|l 1988/1989
|m A14812032191
|p ric
|s JLF
|t 0
|
| 952 |
f |
f |
|a Texas A&M University
|b Rellis Campus
|c Joint Library Facility
|d Remote Storage
|e Z671 .C3
|h Library of Congress classification
|i unmediated -- volume
|k v.94
|l 2023/2024
|m A14852194787
|p ric
|s JLF
|t 0
|
| 952 |
f |
f |
|a Texas A&M University
|b Rellis Campus
|c Joint Library Facility
|d Remote Storage
|e Z671 .C3
|h Library of Congress classification
|i unmediated -- volume
|k v.76
|l 2005/2006
|m A14835876530
|p ric
|s JLF
|t 0
|
| 952 |
f |
f |
|a Texas A&M University
|b Rellis Campus
|c Joint Library Facility
|d Remote Storage
|e Z671 .C3
|h Library of Congress classification
|i unmediated -- volume
|k v.86
|l 2015/2016
|m A14843532558
|p ric
|s JLF
|t 0
|
| 952 |
f |
f |
|a Texas A&M University
|b College Station
|c Sterling C. Evans Library
|d Evans: At Bindery (Does not check out)
|e Z671 .C3
|h Library of Congress classification
|i unmediated -- volume
|k v.95
|l 2024/2025
|m A14852412130
|p serial
|s Evans at bindery
|t 0
|
| 952 |
f |
f |
|a Texas A&M University
|b Rellis Campus
|c Joint Library Facility
|d Remote Storage
|e Z671 .C3
|h Library of Congress classification
|i unmediated -- volume
|k v.81
|l 2010/2011
|m A14843532608
|p ric
|s JLF
|t 0
|
| 952 |
f |
f |
|a Texas A&M University
|b Rellis Campus
|c Joint Library Facility
|d Remote Storage
|e Z671 .C3
|h Library of Congress classification
|i unmediated -- volume
|k v.56
|l 1984/1985
|m A14817697881
|p ric
|s JLF
|t 0
|
| 952 |
f |
f |
|a Texas A&M University
|b Rellis Campus
|c Joint Library Facility
|d Remote Storage
|e Z671 .C3
|h Library of Congress classification
|i unmediated -- volume
|k v.44
|l 1972/73
|m A14842492457
|p ric
|s JLF
|t 0
|
| 952 |
f |
f |
|a Texas A&M University
|b Rellis Campus
|c Joint Library Facility
|d Remote Storage
|e Z671 .C3
|h Library of Congress classification
|i unmediated -- volume
|k v.83
|l 2012/2013
|m A14843532582
|p ric
|s JLF
|t 0
|
| 952 |
f |
f |
|a Texas A&M University
|b Rellis Campus
|c Joint Library Facility
|d Remote Storage
|e Z671 .C3
|h Library of Congress classification
|i unmediated -- volume
|k v.61
|l 1989/1990
|m A14815091233
|p ric
|s JLF
|t 0
|
| 952 |
f |
f |
|a Texas A&M University
|b Rellis Campus
|c Joint Library Facility
|d Remote Storage
|e Z671 .C3
|h Library of Congress classification
|i unmediated -- volume
|k v.45
|l 1973/74
|m A14842492465
|p ric
|s JLF
|t 0
|
| 952 |
f |
f |
|a Texas A&M University
|b Rellis Campus
|c Joint Library Facility
|d Remote Storage
|e Z671 .C3
|h Library of Congress classification
|i unmediated -- volume
|k v.69
|l 1998/1999
|m A14827333900
|p ric
|s JLF
|t 0
|
| 952 |
f |
f |
|a Texas A&M University
|b Rellis Campus
|c Joint Library Facility
|d Remote Storage
|e Z671 .C3
|h Library of Congress classification
|i unmediated -- volume
|k v.67
|l 1996/1997
|m A14821623250
|p ric
|s JLF
|t 0
|
| 952 |
f |
f |
|a Texas A&M University
|b Rellis Campus
|c Joint Library Facility
|d Remote Storage
|e Z671 .C3
|h Library of Congress classification
|i unmediated -- volume
|k v.73
|l 2002/2003
|m A14831812869
|p ric
|s JLF
|t 0
|
| 952 |
f |
f |
|a Texas A&M University
|b Rellis Campus
|c Joint Library Facility
|d Remote Storage
|e Z671 .C3
|h Library of Congress classification
|i unmediated -- volume
|k v.85
|l 2014/2015
|m A14843532566
|p ric
|s JLF
|t 0
|
| 952 |
f |
f |
|a Texas A&M University
|b Rellis Campus
|c Joint Library Facility
|d Remote Storage
|e Z671 .C3
|h Library of Congress classification
|i unmediated -- volume
|k v.70
|l 1999/2000
|m A14827333861
|p ric
|s JLF
|t 0
|
| 952 |
f |
f |
|a Texas A&M University
|b Rellis Campus
|c Joint Library Facility
|d Remote Storage
|e Z671 .C3
|h Library of Congress classification
|i unmediated -- volume
|k v.59
|l 1987/1988
|m A14811627993
|p ric
|s JLF
|t 0
|
| 952 |
f |
f |
|a Texas A&M University
|b Rellis Campus
|c Joint Library Facility
|d Remote Storage
|e Z671 .C3
|h Library of Congress classification
|i unmediated -- volume
|k v.53
|l 1981/82
|m A14842492549
|p ric
|s JLF
|t 0
|
| 952 |
f |
f |
|a Texas A&M University
|b Rellis Campus
|c Joint Library Facility
|d Remote Storage
|e Z671 .C3
|h Library of Congress classification
|i unmediated -- volume
|k v.54
|l 1982/83
|m A14842492556
|p ric
|s JLF
|t 0
|
| 952 |
f |
f |
|a Texas A&M University
|b Rellis Campus
|c Joint Library Facility
|d Remote Storage
|e Z671 .C3
|h Library of Congress classification
|i unmediated -- volume
|k v.91
|l 2020/2021
|m A14851502428
|p ric
|s JLF
|t 0
|
| 952 |
f |
f |
|a Texas A&M University
|b Rellis Campus
|c Joint Library Facility
|d Remote Storage
|e Z671 .C3
|h Library of Congress classification
|i unmediated -- volume
|k v.52
|l 1980/81
|m A14842492531
|p ric
|s JLF
|t 0
|
| 952 |
f |
f |
|a Texas A&M University
|b Rellis Campus
|c Joint Library Facility
|d Remote Storage
|e Z671 .C3
|h Library of Congress classification
|i unmediated -- volume
|k v.88:no.1-3
|l 2017:Sept.-Dec.-2018:Mar.
|m A14850408494
|p ric
|s JLF
|t 0
|
| 952 |
f |
f |
|a Texas A&M University
|b Rellis Campus
|c Joint Library Facility
|d Remote Storage
|e Z671 .C3
|h Library of Congress classification
|i unmediated -- volume
|k v.50
|l 1978/79
|m A14842492515
|p ric
|s JLF
|t 0
|
| 952 |
f |
f |
|a Texas A&M University
|b Rellis Campus
|c Joint Library Facility
|d Remote Storage
|e Z671 .C3
|h Library of Congress classification
|i unmediated -- volume
|k v.82
|l 2011/2012
|m A14843532590
|p ric
|s JLF
|t 0
|
| 952 |
f |
f |
|a Texas A&M University
|b Rellis Campus
|c Joint Library Facility
|d Remote Storage
|e Z671 .C3
|h Library of Congress classification
|i unmediated -- volume
|k v.46
|l 1974/75
|m A14842492473
|p ric
|s JLF
|t 0
|
| 952 |
f |
f |
|a Texas A&M University
|b Rellis Campus
|c Joint Library Facility
|d Remote Storage
|e Z671 .C3
|h Library of Congress classification
|i unmediated -- volume
|k v.47
|l 1975/76
|m A14842492481
|p ric
|s JLF
|t 0
|
| 952 |
f |
f |
|a Texas A&M University
|b Rellis Campus
|c Joint Library Facility
|d Remote Storage
|e Z671 .C3
|h Library of Congress classification
|i unmediated -- volume
|k v.79
|l 2008/2009
|m A14838978462
|p ric
|s JLF
|t 0
|
| 952 |
f |
f |
|a Texas A&M University
|b Rellis Campus
|c Joint Library Facility
|d Remote Storage
|e Z671 .C3
|h Library of Congress classification
|i unmediated -- volume
|k v.48
|l 1976/77
|m A14842492499
|p ric
|s JLF
|t 0
|
| 952 |
f |
f |
|a Texas A&M University
|b Rellis Campus
|c Joint Library Facility
|d Remote Storage
|e Z671 .C3
|h Library of Congress classification
|i unmediated -- volume
|k v.58
|l 1986/1987
|m A14809063573
|p ric
|s JLF
|t 0
|
| 998 |
f |
f |
|a Z671 .C3
|s v.89-94 (2018/2019-2023/2024)
|t 0
|l Remote Storage
|
| 998 |
f |
f |
|a Z671 .C3
|s v.96:no.1-2 (2025:Aug.-Dec.)
|t 0
|l Evans: Library Stacks
|